Isolation and differentiation of Vibrio species from seafood and molecular characterisation of Vibrio Parahaemolyticus /
Saved in:
| Main Author: | |
|---|---|
| Format: | Thesis Book |
| Language: | English |
| Subjects: | |
| Online Access: | http://studentsrepo.um.edu.my/id/eprint/4144 |
| Tags: |
Add Tag
No Tags, Be the first to tag this record!
|
| LEADER | 01336cam a2200325 i 4500 | ||
|---|---|---|---|
| 001 | u996832 | ||
| 003 | SIRSI | ||
| 005 | 201406041317 | ||
| 008 | 140604s2013 my a t 000 0 eng m | ||
| 040 | |a UMM |d AUM |e rda | ||
| 090 | |a TP248.15 |b UM 2013 Pay | ||
| 100 | 1 | |a Paydar, Mohammadjavad, |e author. | |
| 245 | 1 | 0 | |a Isolation and differentiation of Vibrio species from seafood and molecular characterisation of Vibrio Parahaemolyticus / |c Mohammadjavad Paydar. |
| 264 | 1 | |c 2013 | |
| 264 | 4 | |c 2013 | |
| 300 | |a xvii leaves : |b illustrations ; |c 30 cm | ||
| 336 | |a text |2 rdacontent | ||
| 337 | |a unmediated |2 rdamedia | ||
| 338 | |a volume |2 rdacarrier | ||
| 502 | |b M.Biotech. |c Institut Sains Biologi, Fakulti Sains, Universiti Malaya |d 2013. | ||
| 504 | |a Bibliography: leaves 84-95 | ||
| 530 | |a Also issued in CD. | ||
| 650 | 0 | |a Vibrio | |
| 650 | 0 | |a Vibrio parahaemolyticus |x Detection | |
| 710 | 2 | |a Universiti Malaya. |b Institut Sains Biologi, |e degree granting institution. | |
| 856 | 4 | 1 | |u http://studentsrepo.um.edu.my/id/eprint/4144 |
| 900 | |a ZA | ||
| 596 | |a 1 25 | ||
| 999 | |a TP248.15 UM 2013 PAY |w LC |c 1 |i A515929966 |d 2/2/2018 |e 2/2/2018 |f 24/2/2015 |g 1 |l STACKS |m P01UTAMA |n 2 |r Y |s Y |t TESIS |u 13/2/2015 |1 STEM | ||
| 999 | |a TP248.15 UM 2013 PAY |w LC |c 1 |i A515929935 |f 23/8/2023 |g 1 |l STACKS |m P25UMARCHI |r N |s Y |t CD |u 8/7/2015 |1 STEM |o .STAFF. MST-CD9226 | ||
